Bilecik Bilecik Bilecik Bilecik Bilecik

Nedir bu reklam?/ (Record no. 55138)

MARC details
000 -BAŞLIK
Sabit Uzunluktaki Kontrol Alanı 00970nam a22003497a 4500
001 - KONTROL NUMARASI
Control Dosyası 0055330
003 - KONTROL NUMARASI KİMLİĞİ
Kontrol Alanı KOHA_MİRAKIL
005 - EN SON İŞLEM TARİHİ ve ZAMANI
Kontrol Alanı 20260207004016.0
007 - FİZİKSEL TANIM SABİT ALAN - GENEL BİLGİ
Sabit uzunluklu kontrol alanı ta
008 - SABİT UZUNLUKTAKİ VERİ ÖGELERİ - GENEL BİLGİ
Sabit Alan 160215b2015 tu |||gr||||#||||0|tur |
020 ## - ISBN - ULUSLARARASI STANDART KİTAP NUMARASI
Isbn 9786053334323
040 ## - KATALOGLAMA KAYNAĞI
Özgün Kataloglama Kurumu TR-BiSEU
Kataloglama Dili tur
Çeviri Kurumu TR-BiSEU
Açıklama Kuralları rda
041 0# - DİL KODU
Metin ya da ses kaydının dil kodu tur
044 ## - YAYINLAYAN/ÜRETEN KURULUŞUN ÜLKE KODU
ISO country code tu
050 ## - SINIFLAMA ve YER NUMARASI
Sınıflama Numarası HF5823
Yer Numarası .B33 2015
100 1# - KİŞİ ADI
Yazar Adı (Kişi adı) Babacan, Muazzez .
245 1# - ESER ADI BİLDİRİMİ
Başlık Nedir bu reklam?/
Sorumluluk Bildirimi Muazzez Babacan ; Muazzez Babacan.
264 #1 - ÜRERİM, YAYIN, DAĞITIM ve TELİF BİLDİRİMİ
Yayın yeri İstanbul :
Yayınlayan Beta
Yayın tarihi 2015
300 ## - FİZİKSEL TANIMLAMA
Sayfa, Cilt vb. 566 sayfa; 25 cm.
336 ## - İÇERİK TÜRÜ
Content type term metin
Content type code txt
Source rdacontent
337 ## - MEDYA TÜRÜ
Media type term aracısız
Media type code n
Source rdamedia
338 ## - TAŞIYICI TÜRÜ
Carrier type term cilt
Carrier type code nc
Source rdacarrier
490 1# - DİZİ BİLDİRİMİ
Dizi Bildirimi Yayın No ;
Cilt Numarası 3289.
490 1# - DİZİ BİLDİRİMİ
Dizi Bildirimi İletişim Dizisi ;
Cilt Numarası 118.
500 ## - GENEL NOT
Genel Not Dizin var.
500 ## - GENEL NOT
Genel Not Kaynakça var.
650 #0 - KONU BAŞLIĞI EK GİRİŞ - KONU TERİMİ
Konusal terim veya coğrafi ad Reklamcılık.
9 (RLIN) 2308
650 #0 - KONU BAŞLIĞI EK GİRİŞ - KONU TERİMİ
Konusal terim veya coğrafi ad Advertising.
9 (RLIN) 2309
830 1# - SERİ EK GİRİŞİ - TEKBİÇİM ESER ADI
Tekbiçim Başlık Yayın No ;
Volume number/sequential designation 3289.
9 (RLIN) 1861
830 1# - SERİ EK GİRİŞİ - TEKBİÇİM ESER ADI
Tekbiçim Başlık İletişim Dizisi ;
Volume number/sequential designation 118.
9 (RLIN) 3517
942 ## - EK GİRİŞ ÖGELERİ (KOHA)
Source of classification or shelving scheme Library of Congress Classification
Koha item type Book
Holdings
Materyal Türü Kalıcı Konum Mevcut Konum Raf Yeri Sınıflandırma Kaynağı Edinim Bilgisi Ana Konular Alt Konular Yer Numarası Demirbaş Numarası Fatura Tarihi Maliyet, Alış Fiyatı Maliyet, Yenileme Fiyatı Geri Çekilme Durumu Kayıp Durumu Hasarlı Durumu Kredi için değil Kayıt Tarih Toplam Ödünçverme Son Görülme Tarihi Son Kontrol Tarihi Satın Alma Notu
Book Prof. Dr. Azmi Özcan Kütüphanesi Prof. Dr. Azmi Özcan Kütüphanesi Uluğbey Salonu Library of Congress Classification Satın SOSYAL BİLİMLER Ticaret HF5823 .B33 2015 0055330 08/02/2016 11.48 11.48         15/02/2016 5 05/12/2024 05/12/2024 PAE 2016000001394
Book Prof. Dr. Azmi Özcan Kütüphanesi Prof. Dr. Azmi Özcan Kütüphanesi Uluğbey Salonu Library of Congress Classification Satın SOSYAL BİLİMLER Ticaret HF5823 .B33 2015 0055331 08/02/2016 11.48 11.48         15/02/2016 5 05/12/2024 05/12/2024 PAE 2016000001394